Planeación y evaluación basadas en competencias: fundamentos y prácticas para el desarrollo de competencias docentes, desde preescolar hasta posgrado
Saved in:
| Main Authors: | , |
|---|---|
| Format: | Bog |
| Sprog: | spansk |
| Udgivet: |
Ciudad de México
Trillas
2007
|
| Fag: | |
| Tags: |
Tilføj Tag
Ingen Tags, Vær først til at tagge denne postø!
|
MARC
| LEADER | 00000nam a2200000 a 4500 | ||
|---|---|---|---|
| 001 | UCI6359 | ||
| 003 | CL-VaPUC | ||
| 008 | 080430e20070000MX |||||||||||||||||spa|d | ||
| 020 | |a 9789682479564 | ||
| 082 | 0 | 4 | |a 375.001 |b CAZ |2 21 |
| 100 | 0 | |a Cázares Aponte, Leslie |e author |9 529217 | |
| 700 | 0 | |a Cuevas de la Garza, José Fernando |e author |9 529218 | |
| 245 | 1 | 0 | |a Planeación y evaluación basadas en competencias: fundamentos y prácticas para el desarrollo de competencias docentes, desde preescolar hasta posgrado |
| 300 | |a 149 p | ||
| 942 | |c BK | ||
| 945 | |d 20080430 00:00:00 |a jtorresc | ||
| 260 | |a Ciudad de México |b Trillas |c 2007 | ||
| 650 | 0 | |a Currículo |9 307290 | |
| 650 | 0 | |a Desarrollo curricular |9 365285 | |
| 650 | 0 | |a Formación profesional de profesores |9 307493 | |
| 650 | 0 | |a Educación preescolar |9 260381 | |
| 583 | |a last modification |c 20080430 00:00:00 |k Rodrigo Vera | ||
| 999 | |c 329878 |d 329876 | ||
| 952 | |0 0 |1 0 |4 0 |6 375_001000000000000_CAZ_2007 |7 0 |8 A |9 415037 |a BIBEDU |b BIBEDU |d 2019-11-22 |i 4435281 |l 2 |m 1 |o 375.001 CAZ 2007 |p 4435281 |r 2022-06-01 |s 2020-10-06 |w 2019-11-22 |y BK |k EBA | ||